[Event "Novgorod op"]
[Site "Novgorod"]
[Date "1999.03.24"]
[Round "6"]
[White "Evseev, Denis"]
[Black "Dreev, Alexey"]
[Result "0-1"]
[WhiteElo "2503"]
[BlackElo "2639"]

1.d4 d5 2.c4 c6 3.Nf3 Nf6 4.Nc3 e6 5.e3 Nbd7 6.Bd3 dxc4 7.Bxc4 b5 8.Bd3 Bb7
9.e4 b4 10.Na4 c5 11.e5 Nd5 12.O-O cxd4 13.Nxd4 Nxe5 14.Bb5+ Nd7 15.Re1 Rc8
16.Qh5 g6 17.Qe2 a6 18.Nxe6 fxe6 19.Qxe6+ Be7 20.Bxa6 Bxa6 21.Qxa6 Qc7 22.Bg5 Qc6
23.Qd3 Kf7 24.Rac1 Ne5 25.Qh3 Nc3 26.Rxe5 Bxg5 27.Rce1 Bf6 28.Rc5 Rce8 29.Rc1 Qxa4
30.bxc3 bxc3 31.Rc7+ Re7 32.Rxe7+ Kxe7 33.Rb1 Qe4  0-1

[Event "Novgorod op"]
[Site "Novgorod"]
[Date "1999.03.25"]
[Round "7"]
[White "Dreev, Alexey"]
[Black "Galliamova, Alisa"]
[Result "1-0"]
[WhiteElo "2639"]
[BlackElo "2558"]

1.d4 d5 2.c4 c6 3.Nf3 Nf6 4.Qb3 g6 5.Nc3 Bg7 6.cxd5 Nxd5 7.e4 Nb6 8.Be3 Be6
9.Qc2 O-O 10.Rd1 N8d7 11.Be2 Qc7 12.O-O Rad8 13.Nd2 Rfe8 14.h3 Nf8 15.b3 Bc8
16.Nf3 Ne6 17.Qc1 Rf8 18.Bd3 Rd7 19.Ne2 Rfd8 20.Qa3 Qb8 21.Rc1 Na8 22.b4 Nac7
23.Qb3 Qa8 24.a4 b6 25.Bc4 b5 26.Bxe6 Nxe6 27.axb5 cxb5 28.d5 Nf8 29.Bd4 f6
30.Bc5 Kh8 31.Ned4 a6 32.Nc6 Re8 33.Nfd4 Qb7 34.f4 Bh6 35.Rc2 Rc7 36.Qg3 e6
37.f5 gxf5 38.Na5 Rg7 39.Nxb7 Rxg3 40.Nd6 Be3+ 41.Kh2  1-0

[Event "Novgorod op"]
[Site "Novgorod"]
[Date "1999.03.27"]
[Round "9"]
[White "Dreev, Alexey"]
[Black "Kotsur, Pavel"]
[Result "0-1"]
[WhiteElo "2639"]
[BlackElo "2511"]

1.d4 d6 2.e4 Nf6 3.f3 d5 4.e5 Ng8 5.c4 dxc4 6.Bxc4 e6 7.Ne2 Ne7 8.Be3 c5
9.dxc5 Qxd1+ 10.Kxd1 Nd7 11.Bb5 Nc6 12.Nbc3 Ndxe5 13.Kc2 Bd7 14.Rhd1 Rc8
15.a3 Be7 16.b4 f5 17.Kb3 Bf6 18.Nf4 h5 19.Rd6 Nf7 20.Rxd7 Kxd7 21.Bc4 Rce8
22.Bf2 Bxc3 23.Kxc3 Rh6 24.h4 Nfd8 25.Rd1+ Kc8 26.b5 Ne5 27.Bb3 Nef7 28.Bc2 Re7
29.a4 Rd7 30.Re1 Kc7 31.a5 a6 32.c6 bxc6 33.b6+ Kb8 34.Nd3 Rd5 35.Ra1 Nd6
36.Nc5 N8b7 37.Nxa6+ Kc8 38.Bg3 e5 39.Nb4 Rc5+ 40.Kb3 Nxa5+ 41.Ka4 Nac4 42.Kb3 Ra5
43.Rxa5 Nxa5+ 44.Ka4 Nac4 45.Nxc6 Nxb6+ 46.Kb4 f4 47.Bf2 Nd5+ 48.Kc5 Ne3
49.Ba4 Nb7+ 50.Kb4 Rd6 51.Nxe5 Rd4+ 52.Ka3 Nc5 53.Bb3 Rd2 54.Be1 Re2 55.Bc3 Nxb3
56.Kxb3 Nxg2 57.Ng6 Re3 58.Kc4 Rxf3 59.Bxg7 Ne3+ 60.Kd4 Rg3  0-1

[Event "Tan Chin Nam Cup 5th"]
[Site "Shenyang"]
[Date "1999.07.08"]
[Round "1"]
[White "Ye Jiangchuan"]
[Black "Dreev, Alexey"]
[Result "1-0"]
[WhiteElo "2593"]
[BlackElo "2679"]

1.e4 c6 2.d4 d5 3.Nd2 dxe4 4.Nxe4 Bf5 5.Ng3 Bg6 6.h4 h6 7.Nf3 Nf6 8.Ne5 Bh7
9.Bc4 e6 10.Qe2 Nd5 11.Bd2 Nd7 12.O-O-O Nxe5 13.dxe5 Qc7 14.f4 O-O-O 15.Ne4 Be7
16.h5 Kb8 17.Rhe1 f6 18.exf6 gxf6 19.Qf3 Rhe8 20.a3 f5 21.Nf2 Bf6 22.Nd3 Qg7
23.Bb3 Bd4 24.Ba5 Bb6 25.Bxb6 axb6 26.Qf2 b5 27.Bxd5 exd5 28.Qb6 Qc7 29.Qd4 Re4
30.Qf6 Rg8 31.Nc5 Qxf4+ 32.Kb1 Qg5 33.Qd6+ Ka7 34.Qc7 Rg7 35.Qa5+ Kb8 36.Ne6 Qf6
37.Nxg7 Qxg7 38.Rxe4 fxe4 39.Qd8+ Ka7 40.Rf1 Ka6 41.b4  1-0

[Event "Tan Chin Nam Cup 5th"]
[Site "Shenyang"]
[Date "1999.07.09"]
[Round "2"]
[White "Dreev, Alexey"]
[Black "Krasenkow, Michal"]
[Result "1/2-1/2"]
[WhiteElo "2679"]
[BlackElo "2647"]

1.d4 Nf6 2.c4 g6 3.Nc3 d5 4.Nf3 Bg7 5.Bf4 O-O 6.Rc1 dxc4 7.e3 Be6 8.Ng5 Bd5
9.e4 h6 10.exd5 hxg5 11.Bxg5 Nxd5 12.Bxc4 Nb6 13.Bb3 Nc6 14.Ne2 Na5 15.Bc2 Qd5
16.h4 Qxg2 17.Rg1 Qf3 18.h5 Nbc4 19.b3 Nd6 20.Qd3 Qxd3 21.Bxd3 Nc6 22.hxg6 fxg6
23.Bxg6 Nxd4 24.Nxd4 Bxd4 25.Rg2 Kg7 26.Bd3 Bf6 27.Bf4+ Kf7 28.Rxc7 Ke6 29.Be2 Bc3+
30.Rxc3 Rxf4 31.Re3+ Re4 32.Rg6+ Kf7 33.Rxe4 Nxe4 34.Rh6 Nd6 35.Bh5+ Kg7
36.Rg6+ Kf8 37.Bg4  1/2-1/2

[Event "Tan Chin Nam Cup 5th"]
[Site "Shenyang"]
[Date "1999.07.13"]
[Round "5"]
[White "Dreev, Alexey"]
[Black "Bu Xiangzhi"]
[Result "1-0"]
[WhiteElo "2679"]
[BlackElo "2465"]

1.d4 Nf6 2.c4 c5 3.d5 e6 4.Nc3 exd5 5.cxd5 d6 6.e4 g6 7.Nge2 Bg7 8.Ng3 O-O
9.Be2 b6 10.O-O Qe7 11.Kh1 Ba6 12.Bxa6 Nxa6 13.Bg5 h6 14.Bh4 Qd7 15.f4 Nc7
16.e5 Nfe8 17.Nge4 f5 18.e6 Qc8 19.Nd2 Bxc3 20.bxc3 Nxd5 21.Qf3 Nef6 22.Rae1 c4
23.h3 Rb8 24.g4 Qc5 25.gxf5 gxf5 26.Bf2 Qc7 27.Bd4 Kh7 28.Qg3 Qe7 29.Nxc4 Ne4
30.Rxe4 fxe4 31.f5 Rg8 32.Qe1 Nf6 33.Ne3 Rg5 34.Bxf6 Qxf6 35.Ng4 Rxg4 36.hxg4 Rg8
37.Qg3 e3 38.Re1 Qxc3 39.Rxe3 Qc1+ 40.Re1 Qc6+ 41.Kh2 Qc2+ 42.Qg2 Qc3 43.Re2 Qf6
44.Qg3 Rg7 45.Kh3 Qa1 46.Qe1 Qd4 47.Re4 Qd3+ 48.Kh4 h5 49.e7 Qf3 50.Kxh5  1-0

[Event "Premier"]
[Site "Hastings ENG"]
[Date "2000.01.09"]
[Round "6"]
[White "Sokolov,I"]
[Black "Dreev,A"]
[Result "0-1"]
[WhiteElo "2637"]
[BlackElo "2680"]

1.d4 d5 2.c4 c6 3.Nf3 Nf6 4.Nc3 e6 5.Bg5 h6 6.Bxf6 Qxf6 7.e3 Nd7 8.a3 g6
9.b4 Bg7 10.cxd5 exd5 11.Bd3 Qd6 12.O-O O-O 13.Qb3 Nb6 14.a4 Be6 15.Nd2 Nd7
16.Rab1 a5 17.bxa5 Rxa5 18.Qc2 b6 19.Nb3 Raa8 20.Qd2 c5 21.Bb5 Nf6 22.Rfd1 Ng4
23.g3 c4 24.Nc1 f5 25.N1a2 g5 26.Nb4 f4 27.Bc6 fxe3 28.fxe3 Rf2 29.Qxf2 Nxf2
30.Kxf2 Ra5 31.Nb5 Qf8+ 32.Kg1 Qf3 33.Re1 Bf8 34.Nc7 Bh3  0-1

[Event "Premier"]
[Site "Hastings ENG"]
[Date "2000.01.11"]
[Round "8"]
[White "Krush,I"]
[Black "Dreev,A"]
[Result "1/2-1/2"]
[WhiteElo "2399"]
[BlackElo "2680"]

1.d4 d5 2.c4 e6 3.Nc3 c6 4.e3 Nf6 5.Nf3 Nbd7 6.Qc2 Bd6 7.b3 O-O 8.Be2 b6
9.O-O Bb7 10.Bb2 c5 11.cxd5 exd5 12.dxc5 bxc5 13.Rad1 Qe7 14.Nh4 Qe6 15.Nf5 Be5
16.Ng3 Rfe8 17.Rfe1 Rac8 18.Bf3 Bxg3 19.hxg3 Ne5 20.Ne2 g5 21.Bxe5 Qxe5 22.Nc1 Re6
23.Nd3 Qf5 24.Rc1 Rec6 25.Qd2 Ba6 26.Red1 h5 27.Nb2 Rd8 28.e4 Qe5 29.exd5 g4
30.Re1 Qf5 31.Be4 Nxe4 32.Rxe4 Rxd5 33.Re8+ Kg7 34.Qe3 Rf6 35.Nc4 Bxc4 36.bxc4 Rd3
37.Qe2 Re6 38.Rxe6 fxe6 39.Rb1 Kg6 40.Rb7 a5 41.Qb2 Rd4 42.Qb5 Rd8 43.Qc6 h4
44.Qc7 Rd1+ 45.Kh2 hxg3+ 46.Kxg3 Rd3+ 47.f3 Rxf3+ 48.gxf3 Qxf3+ 49.Kh2 Qf2+
50.Kh1 Qf1+ 51.Kh2  1/2-1/2

[Event "Premier"]
[Site "Hastings ENG"]
[Date "2000.01.12"]
[Round "9"]
[White "Dreev,A"]
[Black "Lalic,B"]
[Result "1-0"]
[WhiteElo "2680"]
[BlackElo "2548"]

1.d4 Nf6 2.c4 g6 3.Nc3 Bg7 4.e4 d6 5.f3 O-O 6.Nge2 a6 7.Be3 c6 8.c5 Nbd7
9.Rc1 b6 10.cxd6 exd6 11.Nf4 c5 12.a4 cxd4 13.Bxd4 Bh6 14.Be3 Nh5 15.Ne6 fxe6
16.Bxh6 Qh4+ 17.g3 Nxg3 18.hxg3 Qxh1 19.Bxf8 Nxf8 20.Nd5 exd5 21.Qxd5+ Be6
22.Qxa8 Qxf3 23.Rc3 Qh1 24.Kf2 Qh2+ 25.Bg2 Bh3 26.e5 dxe5 27.Rc7 h5 28.Qf3 Bf5
29.Qd5+ Ne6 30.Qa8+ Nf8 31.Qe8  1-0

[Event "Oz.com qualifier blitz"]
[Site "Internet ICC"]
[Date "2000.03.05"]
[Round "2"]
[White "Ritter,M"]
[Black "Dreev,A"]
[Result "0-1"]
[WhiteElo "2415"]
[BlackElo "2680"]

1.d4 d5 2.Nf3 Nf6 3.Nbd2 Bf5 4.g3 e6 5.Bg2 c5 6.O-O Nc6 7.c3 cxd4 8.Nxd4 Nxd4
9.cxd4 Be7 10.Qa4+ Qd7 11.Qxd7+ Kxd7 12.Nf3 Rhc8 13.Bf4 Rc2 14.Rfc1 Rxb2
15.Rc7+ Ke8 16.h3 Bd8 17.Rc3 Rxe2 18.Bf1 Rb2 19.a4 a6 20.g4 Ne4 21.Re3 Bg6
22.Re2 Rxe2 23.Bxe2 f6 24.Nh4 Bf7 25.Rc1 g5 26.f3 gxf4 27.fxe4 dxe4 28.Bc4 Bb6
29.Ng2 Bxd4+ 30.Kf1 f3 31.Nh4 Be3 32.Rb1 Bg5 33.Nxf3 exf3 34.Rxb7 Bh4 35.Bd3 Rd8
36.Rb3 e5 37.Rc3 e4 38.Bc2 Rd2 39.a5 Bg6 40.Ba4+ Ke7 41.Rc7+ Ke6 42.Bb3+ Ke5  0-1

[Event "Oz.com qualifier blitz"]
[Site "Internet ICC"]
[Date "2000.03.05"]
[Round "7"]
[White "Dreev,A"]
[Black "Short,N"]
[Result "1/2-1/2"]
[WhiteElo "2680"]
[BlackElo "2683"]

1.d4 e6 2.c4 b6 3.Nf3 Bb7 4.Nc3 Bb4 5.Qb3 Qe7 6.a3 Bxc3+ 7.Qxc3 f5 8.g3 Nf6
9.Bg2 d6 10.O-O O-O 11.b4 a5 12.Bb2 Nbd7 13.Qb3 Ne4 14.Rfd1 axb4 15.axb4 b5
16.cxb5 Nb6 17.Qc2 Bd5 18.Ne1 Qd7 19.f3 Nf6 20.e4 Bc4 21.Nd3 Qxb5 22.Bc3 Rxa1
23.Bxa1 Ra8 24.d5 fxe4 25.Nf4 Nbxd5 26.Nxd5 exd5 27.Bxf6 exf3 28.Bxf3 gxf6
29.Qc3 Kg7 30.Re1 Rf8 31.Bh5 Qb6+ 32.Kg2 Qa7 33.Re7+ Kh6 34.Qd2+ Kxh5 35.Rxh7+ Kg6
36.Qh6+ Kf5 37.Qf4+ Kg6 38.Qh6+ Kf5 39.Qf4+ Kg6 40.Qh6+  1/2-1/2

[Event "Oz.com qualifier blitz"]
[Site "Internet ICC"]
[Date "2000.03.05"]
[Round "8"]
[White "Adla,D"]
[Black "Dreev,A"]
[Result "1/2-1/2"]
[WhiteElo "2492"]
[BlackElo "2680"]

1.d4 d5 2.c4 c6 3.cxd5 cxd5 4.Nc3 Nf6 5.Bf4 Nc6 6.e3 a6 7.Bd3 Bg4 8.Nge2 e6
9.O-O Be7 10.Rc1 O-O 11.f3 Bh5 12.Bg3 Bg6 13.Nf4 Bxd3 14.Nxd3 Nd7 15.Na4 Rc8
16.Qd2 Qa5 17.Qxa5 Nxa5 18.Kf2 f6 19.Ke2 b5 20.Nac5 Nxc5 21.dxc5 Nc6 22.Rfd1 Rfd8
23.Bf2 Kf7 24.g4 e5 25.a3 a5 26.h3 Ke6 27.f4 g6 28.Bg3 Ra8 29.Rf1 b4 30.a4 e4
31.f5+ gxf5 32.Nf4+ Kf7 33.gxf5 d4 34.Ne6 Rg8 35.Rg1 d3+ 36.Kd2 Ra7 37.Bd6 Raa8
38.Rg4 Rxg4  1/2-1/2

[Event "Julian Borowski A"]
[Site "Essen GER"]
[Date "2000.04.27"]
[Round "1"]
[White "Dautov,R"]
[Black "Dreev,A"]
[Result "1/2-1/2"]
[WhiteElo "2602"]
[BlackElo "2680"]

1.d4 d5 2.c4 c6 3.cxd5 cxd5 4.Nf3 Nf6 5.Nc3 Nc6 6.Bf4 a6 7.Rc1 Ne4 8.a3 Nxc3
9.Rxc3 Qb6 10.Qd2 Bg4 11.Ne5 Nxe5 12.Bxe5 Rc8 13.e3 f6 14.Bg3 Rxc3 15.Qxc3 Bd7
16.Bd3 e6 17.O-O Be7 18.Bc7 Qc6 19.Rc1 Qxc3 20.Rxc3 Bc6 21.h4 Kd7 22.Bf4 h6
23.h5 a5 24.f3 b5 25.Rc1 Bd8 26.b4 axb4 27.axb4 Be7 28.e4 dxe4 29.fxe4 Ra8
30.Be2 Bd6 31.e5 Ra2 32.d5 fxe5 33.dxc6+ Kc7 34.Bxe5 Bxe5 35.Bxb5 Rb2 36.Bc4 Kxc6
37.b5+ Kd6 38.Rd1+ Ke7 39.Kf1 Bd6 40.Re1  1/2-1/2

[Event "Julian Borowski A"]
[Site "Essen GER"]
[Date "2000.04.29"]
[Round "3"]
[White "Milov,V"]
[Black "Dreev,A"]
[Result "1/2-1/2"]
[WhiteElo "2653"]
[BlackElo "2680"]

1.d4 d5 2.c4 c6 3.cxd5 cxd5 4.Nf3 Nf6 5.Nc3 Nc6 6.Bf4 e6 7.e3 Nh5 8.Bg5 Qb6
9.Bb5 Bd7 10.Nd2 Nf6 11.a3 Be7 12.Bd3 O-O 13.Na4 Qd8 14.O-O e5 15.dxe5  1/2-1/2

[Event "Julian Borowski A"]
[Site "Essen GER"]
[Date "2000.04.30"]
[Round "4"]
[White "Dreev,A"]
[Black "Sutovsky,E"]
[Result "1/2-1/2"]
[WhiteElo "2680"]
[BlackElo "2597"]

1.d4 Nf6 2.c4 g6 3.Nc3 d5 4.Nf3 Bg7 5.Bf4 O-O 6.Rc1 dxc4 7.e3 Be6 8.Ng5 Bg4
9.f3 Bc8 10.Bxc4 e6 11.h4 h6 12.Nge4 Nd5 13.g3 b6 14.Bb3 Na6 15.Kf2 Bb7 16.Qe2  1/2-1/2

[Event "Julian Borowski A"]
[Site "Essen GER"]
[Date "2000.05.01"]
[Round "5"]
[White "Hansen,Cu"]
[Black "Dreev,A"]
[Result "0-1"]
[WhiteElo "2618"]
[BlackElo "2680"]

1.e4 c6 2.d4 d5 3.exd5 cxd5 4.c4 Nf6 5.Nc3 Nc6 6.Bg5 e6 7.Nf3 dxc4 8.Bxc4 Be7
9.O-O O-O 10.Re1 a6 11.Bd3 b5 12.Qe2 Bb7 13.Rad1 Nb4 14.Bb1 Nbd5 15.Ne4 Rc8
16.h4 Rc7 17.Bxf6 Bxf6 18.Nc5 g6 19.Nxb7 Rxb7 20.g3 Rd7 21.Ne5 Rd6 22.Qf3 Bg7
23.Bc2 Ne7 24.Qf4 Qb6 25.h5 gxh5 26.Qh4 Ng6 27.Qxh5 Rfd8 28.Nf3 Rd5 29.Qh2 b4
30.Bb3 Rf5 31.Qg2 Bxd4 32.Nxd4 Rxd4 33.Rxd4 Qxd4 34.Re4 Qb6 35.Qf1 a5 36.Qe1 Qd6
37.Bd1 h5 38.Be2 Kg7 39.Qc1 Qb6 40.Qd2 Qxf2+  0-1

[Event "Julian Borowski A"]
[Site "Essen GER"]
[Date "2000.05.03"]
[Round "6"]
[White "Dreev,A"]
[Black "Zvjaginsev,V"]
[Result "1/2-1/2"]
[WhiteElo "2680"]
[BlackElo "2641"]

1.d4 Nf6 2.c4 g6 3.Nc3 d5 4.Nf3 Bg7 5.Bf4 O-O 6.Rc1 c5 7.dxc5 dxc4 8.e4 Qa5
9.e5 Nh5 10.Be3 Rd8 11.Nd2 Bxe5 12.Bxc4 Nc6 13.Qb3 e6 14.Nf3 Bf4 15.O-O Bxe3
16.fxe3 Qxc5 17.Ne4 Qe7 18.g4  1/2-1/2

[Event "Ordix Open"]
[Site "Frankfurt GER"]
[Date "2000.06.16"]
[Round "1"]
[White "Bonnaire,R"]
[Black "Dreev,A"]
[Result "0-1"]
[WhiteElo "2096"]
[BlackElo "2680"]

1.e4 c6 2.Nf3 d5 3.exd5 cxd5 4.d4 Nf6 5.Bd3 Bg4 6.O-O e6 7.c3 Nc6 8.Bg5 Qb6
9.b3 Ne4 10.Bf4 Be7 11.h3 Bh5 12.Re1 f5 13.a4 O-O 14.Bb5 Rac8 15.Re3 g5 16.Bh2 g4
17.Ne5 Nxe5 18.Bxe5 Bg5 19.Rd3 Qd8 20.a5 a6 21.Ba4 Nxf2 22.Kxf2 g3+ 23.Kxg3 Bxd1
24.Rxd1 Bf6 25.Re1 Bxe5+ 26.Rxe5 Rf6 27.b4 Rg6+ 28.Kh2 Qg5 29.Ra2 Qf4+  0-1

[Event "6th Tan Chin Nam Cup"]
[Site "Beijing CHN"]
[Date "2000.07.11"]
[Round "3"]
[White "Adianto,U"]
[Black "Dreev,A"]
[Result "0-1"]
[WhiteElo "2583"]
[BlackElo "2676"]

1.d4 d5 2.c4 c6 3.Nc3 Nf6 4.Nf3 e6 5.Qb3 dxc4 6.Qxc4 b5 7.Qb3 Nbd7 8.Bg5 Be7
9.Bxf6 Nxf6 10.g3 Bb7 11.Bg2 O-O 12.O-O a6 13.Rfd1 Qc7 14.Ng5 c5 15.dxc5 Bxg2
16.Kxg2 Qxc5 17.Nce4 Qf5 18.Nxf6+ Bxf6 19.Nf3 Rac8 20.Rac1 Qe4 21.Rxc8 Rxc8
22.Rd2 g5 23.h3 h5 24.Qd3 Qxd3 25.exd3 Kg7 26.d4 Rd8 27.g4 Kg6 28.b3 Rd5
29.Kf1 Bg7 30.Ke2 hxg4 31.hxg4 f5 32.gxf5+ exf5 33.Rc2 g4 34.Rc6+ Kh5 35.Ne1 Bxd4
36.Nd3 Kg5 37.Rxa6 f4 38.f3 g3 39.Ra8 Be3 40.Rg8+ Kf6 41.Rg4 Kf5 42.Rg8 b4
43.Rf8+ Kg5 44.Rg8+ Kf6 45.Rg4 Rd4 46.Rg8 Rd6 47.Rg4 Kf5 48.Rg8 Rh6 49.Rf8+ Kg5
50.Ne1 Rh2+ 51.Kd3 Bf2 52.Rg8+ Kf6 53.Rf8+ Kg6 54.Re8 Bxe1 55.Rxe1 Rf2 56.Kc4 Rxf3
57.Kxb4 g2  0-1

[Event "6th Tan Chin Nam Cup"]
[Site "Beijing CHN"]
[Date "2000.07.13"]
[Round "5"]
[White "Ye Jiangchuan"]
[Black "Dreev,A"]
[Result "1-0"]
[WhiteElo "2670"]
[BlackElo "2676"]

1.e4 e6 2.d4 d5 3.Nd2 c5 4.exd5 Qxd5 5.Ngf3 cxd4 6.Bc4 Qd6 7.Qe2 Nf6 8.Nb3 Nc6
9.Bg5 Qb4+ 10.Bd2 Qb6 11.O-O-O Be7 12.Bg5 h6 13.Bh4 O-O 14.Nbxd4 Bd7 15.Nxc6 Bxc6
16.Ne5 Nd5 17.Bxd5 Bxh4 18.Bxc6 bxc6 19.Nd7 Qa5 20.Qc4 Rfd8 21.Qxh4 Qxa2
22.Qe7 Qa1+ 23.Kd2 Qxb2 24.Ke3 a5 25.Rd4 Re8 26.Qc5 e5 27.Ra4 Rad8 28.Rd1 Qb7
29.Qd6 Kh8 30.Rg4 Re6 31.Qa3 Qa7+ 32.Ke2 f5 33.Rg3 Qa6+ 34.Qd3 Qb5 35.c4 Qb2+
36.Rd2 e4 37.Qc3 Qxc3 38.Rxc3 f4 39.Ke1 g5 40.Ra3 Re7 41.Nc5 Rb8 42.Rb3 Rxb3
43.Nxb3 a4 44.Nc5 f3 45.g4 e3 46.Ra2 h5 47.gxh5 g4 48.fxe3 Rxe3+ 49.Kf2 Rc3
50.Nxa4 Rxc4 51.Nb6 Rc1 52.Nd7 Rh1 53.Kg3 Rg1+ 54.Kh4 Rg2 55.Ra7 Kg8 56.Nf6+ Kf8
57.Nxg4 f2 58.Ra1 c5 59.Rf1  1-0

[Event "6th Tan Chin Nam Cup"]
[Site "Beijing CHN"]
[Date "2000.07.15"]
[Round "7"]
[White "Onischuk,Al"]
[Black "Dreev,A"]
[Result "1/2-1/2"]
[WhiteElo "2627"]
[BlackElo "2676"]

1.d4 d5 2.c4 c6 3.Nf3 Nf6 4.e3 Bf5 5.Nc3 e6 6.Bd3 Bxd3 7.Qxd3 Nbd7 8.O-O Bb4
9.Bd2 a5 10.a3 Bxc3 11.Bxc3 Ne4 12.a4 O-O 13.Nd2 Nxd2  1/2-1/2

[Event "FIDE World Cup Gp A"]
[Site "Shenyang CHN"]
[Date "2000.08.02"]
[Round "2"]
[White "Milos,G"]
[Black "Dreev,A"]
[Result "1/2-1/2"]
[WhiteElo "2633"]
[BlackElo "2676"]

1.e4 c6 2.d4 d5 3.Nd2 dxe4 4.Nxe4 Bf5 5.Ng3 Bg6 6.h4 h6 7.Nf3 e6 8.h5 Bh7
9.Bd3 Bxd3 10.Qxd3 Nf6 11.Bf4 Bd6 12.Be5 Bxe5 13.dxe5 Qxd3 14.cxd3 Nfd7 15.Ne4 c5
16.Nd6+ Ke7 17.Nxb7 Nc6 18.O-O Ncxe5 19.Nxe5 Nxe5 20.Nxc5 Rhd8 21.Rfd1 Rd5
22.Rac1 Rb8 23.b3 Rc8 24.d4  1/2-1/2

[Event "XVI ECC"]
[Site "Neum BIH"]
[Date "2000.09.26"]
[Round "3"]
[White "Azmaiparashvili,Z"]
[Black "Dreev,A"]
[Result "1-0"]
[WhiteElo "2673"]
[BlackElo "2676"]

1.d4 d5 2.c4 c6 3.Nc3 Nf6 4.Nf3 e6 5.Bg5 h6 6.Bxf6 Qxf6 7.e3 Nd7 8.Bd3 dxc4
9.Bxc4 g6 10.O-O Bg7 11.b4 O-O 12.a4 e5 13.a5 exd4 14.exd4 Qd6 15.Qb1 Kh7
16.Qb3 b5 17.Bxf7 Qf6 18.Ne4 Qf4 19.Bxg6+ Kxg6 20.Qc2 Nb8 21.Nd6+ Bf5 22.Nxf5 Rxf5
23.Rae1 Kf7 24.Qb3+ Rd5 25.Ne5+ Bxe5 26.Rxe5 Qxd4 27.Qf3+ Kg7 28.Re7+ Kg6
29.Qf7+ Kg5 30.Re6  1-0

[Event "1st European Rapid Ch"]
[Site "Neum BIH"]
[Date "2000.10.02"]
[Round "3"]
[White "Dreev,A"]
[Black "Gofshtein,L"]
[Result "1-0"]
[WhiteElo "2676"]
[BlackElo "2561"]

1.d4 d6 2.e4 Nf6 3.Nc3 g6 4.Bg5 Nbd7 5.f4 h6 6.Bh4 c5 7.dxc5 Nxc5 8.e5 Ng4
9.Bb5+ Bd7 10.Qxg4 Bxb5 11.Nxb5 Qb6 12.Qe2 a6 13.Nd4 Qxb2 14.Rd1 g5 15.Bf2 O-O-O
16.exd6 Rxd6 17.Qc4 b6 18.Nge2 e6 19.O-O Kb7 20.fxg5 hxg5 21.Nb3 Nxb3 22.Qe4+ Ka7
23.axb3 f5 24.Qe3 f4 25.Qc3 Qxc3 26.Nxc3 Kb7 27.Ne4 Rxd1 28.Rxd1 Kc6 29.Nxg5 e5
30.Nf7 Rh5 31.Nd8+ Kb5 32.Ne6 Be7 33.Rd7 Ba3 34.Rb7 Rh6 35.Rxb6+ Ka5 36.c3  1-0

[Event "1st European Rapid Ch"]
[Site "Neum BIH"]
[Date "2000.10.02"]
[Round "4"]
[White "Van Wely,L"]
[Black "Dreev,A"]
[Result "0-1"]
[WhiteElo "2643"]
[BlackElo "2676"]

1.d4 d5 2.c4 c6 3.Nc3 Nf6 4.Nf3 e6 5.Bg5 h6 6.Bh4 dxc4 7.e4 g5 8.Bg3 b5 9.Be2 Bb7
10.Ne5 Nbd7 11.Qc2 Nxe5 12.Bxe5 Be7 13.O-O Qb6 14.Rad1 Rg8 15.b3 cxb3 16.axb3 a6
17.Bxf6 Bxf6 18.e5 Be7 19.Qh7 Rf8 20.Bh5 Qc7 21.Ne4 c5 22.dxc5 Qxe5 23.Rfe1 Bxe4
24.Rxe4 Qf6 25.Re3 Rd8 26.Rde1 Kd7 27.Rf3 Qh8 28.Qe4 Kc7 29.Bxf7 Bxc5 30.Qxe6 Rd6
31.Qe7+ Kb6 32.h3 Rfd8 33.Rf5 Qd4 34.g3 Qd3 35.Kg2 Qxf5 36.Re2 R8d7  0-1

[Event "1st European Rapid Ch"]
[Site "Neum BIH"]
[Date "2000.10.02"]
[Round "5"]
[White "Dreev,A"]
[Black "Sokolov,I"]
[Result "0-1"]
[WhiteElo "2676"]
[BlackElo "2611"]

1.d4 Nf6 2.c4 e6 3.Nf3 d5 4.Nc3 Nbd7 5.cxd5 exd5 6.Bf4 c6 7.Qc2 Nb6 8.e3 Bg4
9.Bd3 Bxf3 10.gxf3 Bd6 11.Bg5 Be7 12.Bh4 g6 13.O-O-O Rc8 14.Kb1 a6 15.f4 c5
16.dxc5 Rxc5 17.f5 Nfd7 18.Bxe7 Qxe7 19.h4 Nf6 20.Qb3 Qc7 21.e4 dxe4 22.Nxe4 Nxe4
23.Bxe4 Rb5 24.Bc6+ bxc6 25.Rhe1+ Re5 26.Qc3 f6 27.f4 Rxe1 28.Qxe1+ Kf8 29.Qe6 Kg7
30.h5 Rd8 31.Rh1 Qd6 32.hxg6 hxg6 33.Qe1 Rh8 34.Rg1 Nc4 35.Rxg6+ Kf7 36.Qg1 Qd3+
37.Ka1 Qe3 38.Qd1 Qd2 39.Qb1 Rh1  0-1

[Event "1st European Rapid Ch"]
[Site "Neum BIH"]
[Date "2000.10.03"]
[Round "6"]
[White "Filippov,V"]
[Black "Dreev,A"]
[Result "0-1"]
[WhiteElo "2593"]
[BlackElo "2676"]

1.d4 d5 2.c4 c6 3.Nc3 Nf6 4.Nf3 e6 5.Bg5 h6 6.Bh4 dxc4 7.e4 g5 8.Bg3 b5 9.h4 g4
10.Ne5 Rg8 11.Be2 Bb7 12.Nxg4 Nxg4 13.Bxg4 Nd7 14.O-O Nf6 15.Be2 Qb6 16.a4 O-O-O
17.a5 Qxd4 18.Qxd4 Rxd4 19.a6 Ba8 20.Be5 Rd2 21.Bf3 Rd3 22.Be2 Ng4 23.Bxd3 Nxe5
24.Be2 Kc7 25.f4 Nd7 26.Kh2 Be7 27.g3 Nc5 28.e5 f5 29.Bh5 Rf8 30.Rfd1 Kb6
31.Ne2 Nxa6 32.Rd7 Bc5 33.Rad1 Nc7 34.Nd4 a5 35.Bf7 Bxd4 36.R1xd4 a4 37.Kg1 Bb7
38.R4d6 b4 39.Kf2 c3 40.bxc3 b3 41.Rd4 c5 42.Rxa4 Rxf7 43.Rd2 Be4 44.Rb2 Bc2
45.c4 Na6 46.Ra3 Rd7 47.Raxb3+ Bxb3 48.Rxb3+ Nb4 49.Ra3 Rd8 50.h5 Rd2+ 51.Ke3 Rd8
52.Kf2 Kb7 53.g4 fxg4 54.Kg3 Rd3+ 55.Rxd3 Nxd3 56.Kxg4 Kc6 57.Kf3 Kd7 58.Ke4 Nb2
59.f5 Nxc4 60.f6 Ke8  0-1

[Event "1st European Rapid Ch"]
[Site "Neum BIH"]
[Date "2000.10.03"]
[Round "9"]
[White "Dreev,A"]
[Black "Chernin,A"]
[Result "1/2-1/2"]
[WhiteElo "2676"]
[BlackElo "2572"]

1.d4 d5 2.c4 c6 3.Nf3 Nf6 4.e3 Bg4 5.h3 Bh5 6.cxd5 Bxf3 7.Qxf3 cxd5 8.Nc3 Nc6
9.Bd2 e6 10.Bd3 Rc8 11.O-O Bd6 12.Rac1 O-O 13.Rfd1 a6 14.Be1 Qe7 15.a3 Rc7
16.Rc2 Rfc8 17.Rdc1 Qd7 18.Qe2 h6 19.Qd1 Ne7 20.Na2 Rxc2 21.Rxc2 Rxc2 22.Qxc2 Qc6
23.Qxc6 Nxc6 24.Kf1 Kf8 25.Ke2 Ke7 26.Kd1 Nd7 27.Kc2 f5 28.a4 Nb6 29.Kb3 Kd7
30.a5 Nc8 31.Ka4 f4 32.b4 fxe3 33.fxe3 N8a7 34.Be2 Kc7 35.Nc1 Kd7 36.Bd3 Nc8
37.b5 axb5+ 38.Bxb5 Ne7 39.g4 Ng8 40.Nd3 Nf6 41.Bb4 Ne4 42.Bxd6  1/2-1/2

[Event "1st European Rapid Ch"]
[Site "Neum BIH"]
[Date "2000.10.03"]
[Round "10"]
[White "Brodsky,M"]
[Black "Dreev,A"]
[Result "1/2-1/2"]
[WhiteElo "2532"]
[BlackElo "2676"]

1.e4 c6 2.d4 d5 3.Nd2 dxe4 4.Nxe4 Bf5 5.Ng3 Bg6 6.h4 h6 7.Nf3 Nf6 8.h5 Bh7
9.Bd3 Bxd3 10.Qxd3 e6 11.Bd2 c5 12.Bc3 Nc6  1/2-1/2

[Event "1st European Rapid Ch"]
[Site "Neum BIH"]
[Date "2000.10.03"]
[Round "11"]
[White "Rublevsky,S"]
[Black "Dreev,A"]
[Result "1/2-1/2"]
[WhiteElo "2670"]
[BlackElo "2676"]

1.e4 c6 2.d4 d5 3.Nd2 dxe4 4.Nxe4 Bf5 5.Ng3 Bg6 6.Bc4 Nf6 7.N1e2 e6 8.Nf4 Bd6
9.Qf3 Nbd7 10.c3 Nb6 11.Nxg6 hxg6 12.Bb3 Qc7 13.Bg5 Be7 14.h4 Nbd5 15.Rd1 e5  1/2-1/2

[Event "1st European Blitz Ch"]
[Site "Neum BIH"]
[Date "2000.10.04"]
[Round "4"]
[White "Dreev,A"]
[Black "Nikolic,Pr"]
[Result "1-0"]
[WhiteElo "2676"]
[BlackElo "2657"]

1.d4 d5 2.c4 dxc4 3.e4 Nf6 4.e5 Nd5 5.Nc3 Nc6 6.Bxc4 Nb6 7.Bd3 Be6 8.Be3 Qd7
9.Nf3 Bd5 10.O-O e6 11.Ne4 Nb4 12.Bb1 Bxe4 13.Bxe4 N4d5 14.Qc2 h6 15.Ne1 Be7
16.Nd3 Nxe3 17.fxe3 Nd5 18.Rf3 O-O 19.Qe2 f5 20.Bxd5 exd5 21.Raf1 b6 22.Nf4 c5
23.Qd3 c4 24.Qc2 Bg5 25.Ng6 Rf7 26.h4 Qe6 27.h5 b5 28.Kh2 a5 29.g4 f4 30.Qg2 b4
31.exf4 Bd8 32.f5 Qc6 33.e6 Rb7 34.f6 Bxf6 35.Rxf6 gxf6 36.Rxf6 c3 37.Qf2 Qd6+
38.Kh3 Qd8 39.Rf7 Qe8 40.Qf6  1-0

[Event "1st European Blitz Ch"]
[Site "Neum BIH"]
[Date "2000.10.04"]
[Round "6"]
[White "Tkachiev,V"]
[Black "Dreev,A"]
[Result "0-1"]
[WhiteElo "2657"]
[BlackElo "2676"]

1.d4 d5 2.c4 c6 3.Nc3 e6 4.Nf3 Nf6 5.e3 Nbd7 6.Bd3 dxc4 7.Bxc4 b5 8.Bd3 a6
9.e4 Bb7 10.O-O c5 11.d5 Qc7 12.Bg5 O-O-O 13.Rc1 c4 14.Bb1 Kb8 15.a4 b4 16.Ne2 exd5
17.e5 h6 18.Bf4 g5 19.Be3 Ng4 20.Bd4 Ngxe5 21.Nxe5 Nxe5 22.f4 gxf4 23.Nxf4 Bc5
24.Kh1 Rhe8 25.Bf5 Qb6 26.Bxc5 Qxc5 27.Qh5 d4 28.Qxh6 d3 29.Qf6 Qd6 30.Qh4 Qd4
31.Qf6 Qxb2 32.Qb6 Rd4 33.Bh3 Rxf4 34.Qd6+ Ka8 35.Rfd1 c3 36.Rb1 c2  0-1

[Event "1st European Blitz Ch"]
[Site "Neum BIH"]
[Date "2000.10.04"]
[Round "6"]
[White "Dreev,A"]
[Black "Tkachiev,V"]
[Result "0-1"]
[WhiteElo "2676"]
[BlackElo "2657"]

1.d4 d6 2.e4 Nf6 3.Nc3 g6 4.Bg5 Bg7 5.f4 h6 6.Bh4 O-O 7.Qd2 e5 8.Bxf6 Bxf6
9.dxe5 dxe5 10.Qxd8 Bxd8 11.fxe5 Nc6 12.Nf3 Bg4 13.O-O-O Bg5+ 14.Kb1 Bxf3
15.gxf3 Nxe5 16.Be2 c6 17.a4 Rad8 18.Ka2 h5 19.b4 h4 20.h3 Kg7 21.Kb3 Kf6
22.a5 Be3 23.Rdf1 g5 24.Nd1 Bf4 25.Nf2 Rd2 26.Bd3 Ke7 27.Kc3 Rd8 28.Kb3 Bg3  0-1

[Event "1st European Blitz Ch"]
[Site "Neum BIH"]
[Date "2000.10.04"]
[Round "7"]
[White "Dreev,A"]
[Black "Sokolov,I"]
[Result "0-1"]
[WhiteElo "2676"]
[BlackElo "2611"]

1.d4 d5 2.c4 c6 3.Nf3 Nf6 4.e3 a6 5.b3 Bg4 6.h3 Bh5 7.Nbd2 e6 8.Bb2 Nbd7
9.Bd3 Bb4 10.Qc2 Bxf3 11.gxf3 b5 12.a3 Bxd2+ 13.Qxd2 bxc4 14.bxc4 Rb8 15.Bc3 O-O
16.O-O c5 17.f4 dxc4 18.Bxc4 Ne4 19.Qd3 Nxc3 20.Qxc3 Qh4 21.Kg2 Rb6 22.dxc5 Rc6
23.Be2 Rxc5 24.Qb4 Rc2 25.Bxa6 Nc5 26.Be2 e5 27.fxe5 Ne4 28.Rae1 Qg5+ 29.Bg4 Qxe5
30.Qd4 Qg3+ 31.Kh1 Nxf2+ 32.Rxf2 Rxf2  0-1